000
00301nam a2200109 4500
008
240911b |||||||| |||| 00| 0 eng d
040
_a
National Science Library
_c
National Science Library
080
_a
R 92(540)
_b
L0
100
_a
Toliwal, D R
245
_a
Bharat varsh ki vibhutian
942
_2
udc
_c
REF
999
_c
66926
_d
66926